Programa de orientación educativa y sociolaboral: 4º de E. S. O., Cuaderno del alumno

Salvato in:
Dettagli Bibliografici
Autori principali: Santana Vega, Lidia E (Autore), Brito Fernández, Mónica (Autore), Cruz González, Ana E (Autore), González Afonso, Miriam C (Autore), Luis Luis, María del Cristo (Autore), Medina Herrera, María del Carmen (Autore)
Natura: Libro
Lingua:spagnolo
Pubblicazione: Madrid EOS 2003
Serie:EOS Talleres Educativos
Soggetti:
Tags: Aggiungi Tag
Nessun Tag, puoi essere il primo ad aggiungerne!!

MARC

LEADER 00000nam a2200000 a 4500
001 UCG1952
003 CL-VaPUC
008 100531e20030000SP |||||||||||||||||spa|d
020 |a 8497270665 
082 0 4 |a 371.422  |b SAN  |2 21 
100 0 |a Santana Vega, Lidia E  |e author  |9 550082 
700 0 |a Brito Fernández, Mónica  |e author  |9 550083 
700 0 |a Cruz González, Ana E  |e author  |9 550084 
700 0 |a González Afonso, Miriam C  |e author  |9 550085 
700 0 |a Luis Luis, María del Cristo  |e author  |9 550086 
700 0 |a Medina Herrera, María del Carmen  |e author  |9 550087 
245 1 0 |a Programa de orientación educativa y sociolaboral: 4º de E. S. O., Cuaderno del alumno 
300 |a 105 p 
942 |c BK 
945 |d 20100531 00:00:00  |a dcastane 
260 |a Madrid  |b EOS  |c 2003 
650 7 |a ORIENTACION PEDAGOGICA  |2 CL-VaPUC  |9 334838 
650 0 |a Orientación profesional   |9 308504 
650 7 |a ORIENTADORES  |2 CL-VaPUC  |9 407371 
650 7 |a EDUCACION Y EMPLEO  |2 CL-VaPUC  |9 338744 
650 7 |a ENSEÑANZA PROFESIONAL  |2 CL-VaPUC  |9 550088 
650 0 |a Psicología educacional   |9 307830 
583 |a last modification  |c 20151110 01:06:17  |k Rodrigo Vera 
490 0 |a EOS Talleres Educativos 
999 |c 341199  |d 341197 
952 |0 0  |1 0  |4 0  |6 371_422000000000000_SAN_2003  |7 0  |8 A  |9 436541  |a BIBEDU  |b BIBEDU  |d 2019-11-22  |i 4678842  |o 371.422 SAN 2003  |p 4678842  |r 2019-11-22  |w 2019-11-22  |y BK  |k EPE